export_success — 

China - ASEAN Expo (CAEXPO).

Bibliographic Details
Format: Book
Published: Guangxi: China - ASEAN Secretariat, 2013.
Subjects:
LEADER 00467cam a2200157 7i4500
001 0000031522
005 20140811090000.0
090 0 0 |a CHIN 338.7   |b CHI 
245 0 0 |a China - ASEAN Expo (CAEXPO). 
260 0 0 |a Guangxi:   |b China - ASEAN Secretariat,   |c 2013. 
300 # # |a 48 p. 
650 0 0 |a Business --   |x Exhibitions --   |z China  
650 0 0 |a Business --   |x Exhibitions --   |z ASEAN  
651 0 0 |a ASEAN  
651 0 0 |a China  
999 |a 0000034176  |b Book  |c Countries  |e Business Information Centre